|
|
|
|
| LEADER |
00000nam a2200000 i 4500 |
| 001 |
102655 |
| 003 |
CZ-ZlUTB |
| 005 |
20210407154548.0 |
| 007 |
ta |
| 008 |
210316s1998 xxua e 001 0 eng d |
| 952 |
|
|
|0 0
|1 0
|4 0
|6 658LAWRENCEJA
|7 0
|8 BOOK
|9 161623
|a UTBZL
|b UTBZL
|c 005
|d 2021-03-16
|h + 1 CD
|l 0
|o 658/LAWRENCE,J.A.
|p 420010185541
|r 2021-03-16 00:00:00
|v 980.00
|x N: nákup;
|y 01
|
| 999 |
|
|
|c 102655
|d 102655
|
| 020 |
|
|
|a 0-471-13776-6
|q (vázáno)
|
| 040 |
|
|
|a ZLD002
|b cze
|e rda
|
| 044 |
|
|
|a xxu
|a xxk
|a gw
|a si
|a xxc
|
| 072 |
|
7 |
|a 005
|x Management. Řízení
|2 Konspekt
|9 4
|
| 080 |
|
|
|a 005
|2 MRF
|
| 080 |
|
|
|a 519.852
|2 MRF
|
| 080 |
|
|
|a (048.8:082)
|2 MRF
|
| 100 |
1 |
|
|a Lawrence, John A.
|4 aut
|
| 245 |
1 |
0 |
|a Applied management science :
|b a computer-integrated approach for decision making /
|c John A. Lawrence, Jr., Barry Alan Pasternack
|
| 264 |
|
1 |
|a New York ;
|a Chichester ;
|a Weinheim ;
|a Brisbane ;
|a Singapore ;
|a Toronto :
|b John Wiley & Sons, Inc.,
|c [1998]
|
| 264 |
|
4 |
|c ©1998
|
| 300 |
|
|
|a xxiv, 665 stran, I-9 stran :
|b ilustrace ;
|c 30 cm
|
| 336 |
|
|
|a text
|b txt
|2 rdacontent
|
| 337 |
|
|
|a bez média
|b n
|2 rdamedia
|
| 338 |
|
|
|a svazek
|b nc
|2 rdacarrier
|
| 500 |
|
|
|a Terminologický slovník
|
| 504 |
|
|
|a Obsahuje bibliografii a rejstřík
|
| 650 |
0 |
7 |
|a management
|7 ph115217
|2 czenas
|
| 650 |
0 |
7 |
|a lineární programování
|7 ph122356
|2 czenas
|
| 650 |
0 |
7 |
|a modelování a simulace
|7 ph125543
|2 czenas
|
| 650 |
0 |
9 |
|a management
|2 eczenas
|
| 650 |
0 |
9 |
|a linear programming
|2 eczenas
|
| 650 |
0 |
9 |
|a modeling and simulation
|2 eczenas
|
| 655 |
|
7 |
|a kolektivní monografie
|7 fd501537
|2 czenas
|
| 655 |
|
9 |
|a collective monographs
|2 eczenas
|
| 700 |
1 |
|
|a Pasternack, Barry A.
|4 aut
|
| 910 |
|
|
|a ZLD002
|
| 942 |
|
|
|2 udc
|
| 992 |
|
|
|a BK
|b SK
|